Những động vật ăn đêm

Sách mô tả qua hình ảnh những động vật sống về đêm với những thích nghi đặc biệt để săn mồi trên khắp thế giới: sa mạc, vùng hoang vu, thị trấn và thành phố, biển và bờ biển, rừng rậm, sông ngòi, ao hồ...

Πλήρης περιγραφή

Αποθηκεύτηκε σε:
Λεπτομέρειες βιβλιογραφικής εγγραφής
Μορφή: Βιβλίο
Γλώσσα:Undetermined
Έκδοση: Hà Nội Văn Hóa 1998
Θέματα:
Ετικέτες: Προσθήκη ετικέτας
Δεν υπάρχουν, Καταχωρήστε ετικέτα πρώτοι!
Thư viện lưu trữ: Trung tâm Học liệu Trường Đại học Cần Thơ
LEADER 00857nam a2200193Ia 4500
001 CTU_34616
008 210402s9999 xx 000 0 und d
020 |b 7.000đ 
082 |a 372.357 
082 |b Đ455ă 
245 0 |a Những động vật ăn đêm 
260 |a Hà Nội 
260 |b Văn Hóa 
260 |c 1998 
520 |a Sách mô tả qua hình ảnh những động vật sống về đêm với những thích nghi đặc biệt để săn mồi trên khắp thế giới: sa mạc, vùng hoang vu, thị trấn và thành phố, biển và bờ biển, rừng rậm, sông ngòi, ao hồ 
650 |a Science,Zoology 
650 |x Study and teaching ( elementary ),Study and teaching 
904 |i Minh 
980 |a Trung tâm Học liệu Trường Đại học Cần Thơ